[Event "Titled Tuesday intern op 12th Mar Late"]
[Site "Chess.com INT"]
[Date "2024.03.12"]
[Round "3"]
[White "Morales Garcia, Sergio Joshafatt"]
[Black "Broca Jimenez, Fernando"]
[Result "1-0"]
[WhiteElo "2249"]
[BlackElo "2075"]
[PlyCount "65"]
[EventDate "2024.03.12"]
[EventType "swiss (blitz)"]
[EventRounds "11"]
[EventCountry "USA"]
[SourceTitle "CB12_2024"]
[SourceDate "2023.10.01"]
[SourceVersion "1"]
[SourceVersionDate "2023.10.01"]
[SourceQuality "1"]

1. d4 Nf6 2. c4 e6 3. Nf3 b6 4. g3 Bb7 5. Bg2 Be7 6. 0-0 d5 7. cxd5 Nxd5 8. Re1 0-0 9. e4 Nf6 10. Nc3 Nbd7 11. h3 c5 12. d5 exd5 13. exd5 Ne8 14. Bf4 Bd6 15. Bg5 f6 16. Be3 Nc7 17. Nh4 g6 18. Qd2 Re8 19. Rad1 Ne5 20. b3 Qd7 21. f4 Nf7 22. Qc2 Kg7 23. Be4 Qxh3 24. Bf2 f5 25. Bg2 Qg4 26. Bf3 Qh3 27. Bg2 Qg4 28. Kh2 Bxf4 29. gxf4 Rxe1 30. Rxe1 Re8 31. Bf3 Qxf4+ 32. Bg3 Qd4 33. Rd1 1-0

[Event "Titled Tuesday intern op 01st Aug Late"]
[Site "Chess.com INT"]
[Date "2023.08.01"]
[Round "5"]
[White "Balla, Tamas Kristof"]
[Black "Broca Jimenez, Fernando"]
[Result "1-0"]
[WhiteElo "2303"]
[BlackElo "2075"]
[PlyCount "107"]
[EventDate "2023.08.01"]
[EventType "swiss (blitz)"]
[EventRounds "11"]
[EventCountry "USA"]
[SourceTitle "EXT 2024"]
[Source "ChessBase"]
[SourceDate "2023.10.10"]
[SourceVersion "1"]
[SourceVersionDate "2023.10.10"]
[SourceQuality "1"]

1. e4 c5 2. c3 Nf6 3. e5 Nd5 4. d4 cxd4 5. Nf3 Nc6 6. cxd4 e6 7. a3 Be7 8. Bd3 0-0 9. 0-0 f5 10. exf6 Nxf6 11. Nc3 d5 12. Re1 Bd7 13. Bg5 Rc8 14. Qe2 h6 15. Bh4 Qe8 16. Rad1 Qh5 17. Bb1 g5 18. Bg3 Rf7 19. Qd3 Rcf8 20. Re2 Ne8 21. Rde1 Nd6 22. Ne5 Nxe5 23. Bxe5 Nf5 24. h3 g4 25. hxg4 Qxg4 26. f3 Qg5 27. Bh2 Nh4 28. f4 Qg4 29. Kh1 Nf5 30. Re3 Bh4 31. R1e2 Bg3 32. Bxg3 Nxg3+ 33. Rxg3 Qxg3 34. Qxg3+ Kh8 35. Qh3 Rf6 36. Re5 Be8 37. g3 Kg7 38. Bd3 Kf7 39. Re3 Ke7 40. Nb5 Kd7 41. Nc3 a6 42. Qg2 Kc6 43. b4 Bf7 44. b5+ Kc7 45. bxa6 bxa6 46. Bxa6 Rb8 47. Bd3 Rb2 48. Nb5+ Rxb5 49. Bxb5 Kd6 50. Qc2 Ke7 51. Qc7+ Kf8 52. Qd8+ Kg7 53. Qxf6+ Kxf6 54. a4 1-0

[Event "Titled Tuesday intern op 01st Aug Late"]
[Site "Chess.com INT"]
[Date "2023.08.01"]
[Round "10"]
[White "Broca Jimenez, Fernando"]
[Black "Gerbelli Neto, Eduardo"]
[Result "0-1"]
[WhiteElo "2075"]
[BlackElo "2114"]
[PlyCount "122"]
[EventDate "2023.08.01"]
[EventType "swiss (blitz)"]
[EventRounds "11"]
[EventCountry "USA"]
[SourceTitle "EXT 2024"]
[Source "ChessBase"]
[SourceDate "2023.10.10"]
[SourceVersion "1"]
[SourceVersionDate "2023.10.10"]
[SourceQuality "1"]

1. Nf3 Nf6 2. b3 c5 3. Bb2 Nc6 4. d3 d5 5. Nbd2 e6 6. e4 Be7 7. g3 0-0 8. Bg2 Re8 9. 0-0 Qc7 10. Re1 b6 11. e5 Nd7 12. c3 Bb7 13. d4 Bf8 14. Rc1 f6 15. exf6 Nxf6 16. Ne5 Nxe5 17. dxe5 Nd7 18. c4 d4 19. f4 Bxg2 20. Kxg2 a5 21. a4 Nb8 22. Qf3 Nc6 23. Ba3 g6 24. Ne4 Be7 25. Red1 Rad8 26. Rd3 Rf8 27. Nd2 Nxe5 28. fxe5 Rxf3 29. Nxf3 Rf8 30. Re1 h5 31. Bc1 Qc6 32. h4 Rf5 33. Bf4 g5 34. hxg5 Bxg5 35. Bxg5 Rxg5 36. Kf2 Rf5 37. Rh1 Rxe5 38. Rh4 Rf5 39. g4 hxg4 40. Rxg4+ Kf8 41. Kg3 Qd6+ 42. Kg2 e5 43. Ng5 Qh6 44. Rh3 Qxg5 45. Rxg5 Rxg5+ 46. Kf3 Ke7 47. Rh6 Rf5+ 48. Ke4 Rf6 49. Rh7+ Kd6 50. Rb7 Rf4+ 51. Kd3 Kc6 52. Re7 Rf3+ 53. Ke4 Re3+ 54. Kf5 d3 55. Re6+ Kd7 56. Rh6 d2 57. Rh1 Re1 58. Rh7+ Ke8 59. Ke6 Kf8 60. Rf7+ Kg8 61. Rd7 d1Q 0-1

[Event "Titled Tuesday intern op 01st Aug Late"]
[Site "Chess.com INT"]
[Date "2023.08.01"]
[Round "1"]
[White "Broca Jimenez, Fernando"]
[Black "Kiremitciyan, Ari"]
[Result "1-0"]
[WhiteElo "2075"]
[BlackElo "2281"]
[PlyCount "25"]
[EventDate "2023.08.01"]
[EventType "swiss (blitz)"]
[EventRounds "11"]
[EventCountry "USA"]
[SourceTitle "EXT 2024"]
[Source "ChessBase"]
[SourceDate "2023.10.10"]
[SourceVersion "1"]
[SourceVersionDate "2023.10.10"]
[SourceQuality "1"]

1. e4 e5 2. Nf3 Nc6 3. Bb5 g6 4. d4 exd4 5. Bg5 Be7 6. Bxe7 Qxe7 7. Bxc6 dxc6 8. Qxd4 Nf6 9. 0-0 Bg4 10. e5 Bxf3 11. exf6 Qe4 12. Qxe4+ Bxe4 13. Re1 1-0

[Event "Titled Tuesday intern op 25th Jul Late"]
[Site "Chess.com INT"]
[Date "2023.07.25"]
[Round "1"]
[White "Broca Jimenez, Fernando"]
[Black "Golubev, Mikhail"]
[Result "1-0"]
[WhiteElo "2075"]
[BlackElo "2461"]
[PlyCount "75"]
[EventDate "2023.07.25"]
[EventType "swiss (blitz)"]
[EventRounds "11"]
[EventCountry "USA"]
[SourceTitle "EXT 2024"]
[Source "ChessBase"]
[SourceDate "2023.10.10"]
[SourceVersion "1"]
[SourceVersionDate "2023.10.10"]
[SourceQuality "1"]

1. e4 c5 2. c3 d5 3. exd5 Nf6 4. d4 Nxd5 5. Nf3 e6 6. Bd3 Nc6 7. 0-0 Be7 8. dxc5 Bxc5 9. Bg5 Be7 10. Bxe7 Qxe7 11. Nbd2 0-0 12. Re1 Rd8 13. Qc2 h6 14. Be4 Qc7 15. Nb3 Nf6 16. Rad1 Bd7 17. Nc5 Be8 18. Bd3 Rac8 19. Ne4 Nd5 20. Ng3 Nf4 21. Bf1 b6 22. Ne2 Nd5 23. Ned4 Nxd4 24. Nxd4 Nf6 25. g3 a5 26. Bg2 b5 27. Nf3 Rxd1 28. Rxd1 b4 29. c4 Qxc4 30. Qd2 Qc7 31. Bf1 Bc6 32. Qd6 Qxd6 33. Rxd6 Bxf3 34. h3 Rc1 35. Rd2 Be4 36. f3 Bxf3 37. Kf2 Be4 38. Bb5 1-0

[Event "Titled Tuesday intern op 25th Jul Late"]
[Site "Chess.com INT"]
[Date "2023.07.25"]
[Round "6"]
[White "Broca Jimenez, Fernando"]
[Black "Kozusek, Daniel"]
[Result "0-1"]
[WhiteElo "2075"]
[BlackElo "2359"]
[PlyCount "84"]
[EventDate "2023.07.25"]
[EventType "swiss (blitz)"]
[EventRounds "11"]
[EventCountry "USA"]
[SourceTitle "EXT 2024"]
[Source "ChessBase"]
[SourceDate "2023.10.10"]
[SourceVersion "1"]
[SourceVersionDate "2023.10.10"]
[SourceQuality "1"]

1. Nf3 d5 2. b3 Nf6 3. Bb2 g6 4. e3 Bg7 5. Be2 0-0 6. 0-0 c5 7. d4 cxd4 8. Nxd4 e5 9. Nf3 e4 10. Nd4 Nc6 11. Nxc6 bxc6 12. c4 a5 13. Na3 Qe7 14. cxd5 cxd5 15. Nb5 Rd8 16. Nd4 Qd6 17. Rc1 Bd7 18. Qd2 h5 19. Rc2 a4 20. b4 a3 21. Ba1 Ng4 22. Bxg4 hxg4 23. Rfc1 Rdb8 24. Rc5 Ra4 25. Bc3 Bf8 26. Nb3 d4 27. exd4 Qb6 28. Qg5 Be6 29. d5 Bf5 30. Rc6 Qd8 31. Bf6 Qxd5 32. R6c5 Qd7 33. Nd4 Be6 34. Nxe6 Qxe6 35. Re5 Qxa2 36. Rxe4 Raa8 37. Rxg4 Bg7 38. Rh4 Qb2 39. Bxg7 Qxg7 40. Rh3 a2 41. Rhc3 a1Q 42. h4 Qaxc3 0-1

[Event "Titled Tuesday intern op 25th Jul Late"]
[Site "Chess.com INT"]
[Date "2023.07.25"]
[Round "11"]
[White "Broca Jimenez, Fernando"]
[Black "Vargas Pereda, Jesus Manuel"]
[Result "1-0"]
[WhiteElo "2075"]
[BlackElo "1851"]
[PlyCount "27"]
[EventDate "2023.07.25"]
[EventType "swiss (blitz)"]
[EventRounds "11"]
[EventCountry "USA"]
[SourceTitle "EXT 2024"]
[Source "ChessBase"]
[SourceDate "2023.10.10"]
[SourceVersion "1"]
[SourceVersionDate "2023.10.10"]
[SourceQuality "1"]

1. e4 c5 2. c3 d5 3. exd5 Qxd5 4. d4 Nc6 5. Nf3 Bf5 6. Be2 cxd4 7. cxd4 Bxb1 8. Rxb1 Nf6 9. b3 e6 10. 0-0 Bd6 11. Bb2 0-0 12. Rc1 b5 13. Ne5 Ne7 14. Bf3 1-0

[Event "Titled Tuesday intern op 25th Jul Late"]
[Site "Chess.com INT"]
[Date "2023.07.25"]
[Round "8"]
[White "Quirke, Jeffrey"]
[Black "Broca Jimenez, Fernando"]
[Result "1-0"]
[WhiteElo "1998"]
[BlackElo "2075"]
[PlyCount "95"]
[EventDate "2023.07.25"]
[EventType "swiss (blitz)"]
[EventRounds "11"]
[EventCountry "USA"]
[SourceTitle "EXT 2024"]
[Source "ChessBase"]
[SourceDate "2023.10.10"]
[SourceVersion "1"]
[SourceVersionDate "2023.10.10"]
[SourceQuality "1"]

1. c4 g6 2. Nc3 Bg7 3. g3 Nf6 4. Bg2 d6 5. Nf3 0-0 6. 0-0 Nc6 7. d3 e5 8. b3 e4 9. dxe4 Nxe4 10. Nxe4 Bxa1 11. Bg5 f6 12. Qxa1 fxg5 13. Nexg5 Ne5 14. Nxe5 Qxg5 15. Bd5+ Kg7 16. Ng4+ Rf6 17. Nxf6 Qxf6 18. Qxf6+ Kxf6 19. f4 c6 20. Bf3 Be6 21. Rd1 Ke7 22. e3 Rf8 23. Kf2 a5 24. g4 a4 25. g5 axb3 26. axb3 Ra8 27. Rd2 Ra3 28. Rb2 Kd7 29. h4 b5 30. cxb5 cxb5 31. h5 Rxb3 32. Rxb3 Bxb3 33. h6 Be6 34. Be4 Bg8 35. f5 gxf5 36. Bxf5+ Ke7 37. g6 hxg6 38. Bxg6 Kf6 39. h7 Bxh7 40. Bxh7 Ke5 41. Ke2 Kd5 42. Kd3 Ke5 43. Bg8 Kf6 44. Bd5 Ke5 45. Bb3 d5 46. Ba2 b4 47. Bb3 Kd6 48. Kd4 1-0

[Event "Titled Tuesday intern op 18th Jul Late"]
[Site "Chess.com INT"]
[Date "2023.07.18"]
[Round "9"]
[White "Broca Jimenez, Fernando"]
[Black "Pulido Alvarez, Ariel"]
[Result "1-0"]
[WhiteElo "2075"]
[BlackElo "2238"]
[PlyCount "75"]
[EventDate "2023.07.18"]
[EventType "swiss (blitz)"]
[EventRounds "11"]
[EventCountry "USA"]
[SourceTitle "EXT 2024"]
[Source "ChessBase"]
[SourceDate "2023.10.10"]
[SourceVersion "1"]
[SourceVersionDate "2023.10.10"]
[SourceQuality "1"]

1. e4 c5 2. c3 e6 3. d4 cxd4 4. cxd4 d6 5. Nf3 Nf6 6. Bd3 Nc6 7. 0-0 Be7 8. Nc3 e5 9. d5 Nb8 10. Qe2 0-0 11. h3 Nbd7 12. Be3 a6 13. Rac1 b5 14. Nd2 Bb7 15. Nb3 Rc8 16. f3 Kh8 17. Qd2 Nh5 18. Ne2 f5 19. Na5 Ba8 20. Rxc8 Qxc8 21. Rc1 Qe8 22. Bg5 fxe4 23. Bxe4 Ndf6 24. Nc6 Nxe4 25. fxe4 Bxg5 26. Qxg5 Nf4 27. Nxf4 exf4 28. Na7 Qxe4 29. Rc7 Rg8 30. Nc6 Qe3+ 31. Kh2 h6 32. Qg4 Qg3+ 33. Qxg3 fxg3+ 34. Kxg3 Re8 35. Rd7 Re3+ 36. Kg4 Bxc6 37. dxc6 Re5 38. c7 1-0

[Event "Titled Tuesday intern op 18th Jul Late"]
[Site "Chess.com INT"]
[Date "2023.07.18"]
[Round "6"]
[White "Broca Jimenez, Fernando"]
[Black "Rietze, Clemens"]
[Result "0-1"]
[WhiteElo "2075"]
[BlackElo "2329"]
[PlyCount "102"]
[EventDate "2023.07.18"]
[EventType "swiss (blitz)"]
[EventRounds "11"]
[EventCountry "USA"]
[SourceTitle "EXT 2024"]
[Source "ChessBase"]
[SourceDate "2023.10.10"]
[SourceVersion "1"]
[SourceVersionDate "2023.10.10"]
[SourceQuality "1"]

1. e4 c5 2. c3 Nf6 3. e5 Nd5 4. d4 cxd4 5. Nf3 e6 6. Bc4 Nc6 7. 0-0 d6 8. exd6 Qxd6 9. Nxd4 a6 10. Nd2 Be7 11. Ne4 Qc7 12. Nxc6 bxc6 13. Bg5 f6 14. Bh4 0-0 15. Bg3 Qd8 16. Bb3 f5 17. c4 fxe4 18. cxd5 exd5 19. Rc1 Bd7 20. Qd2 Bg5 21. Bxd5+ Kh8 22. Qc3 cxd5 23. Rcd1 Be6 24. Qe5 Qf6 25. Qd6 Rfd8 26. Qb6 Bf7 27. Qb4 Qe7 28. Qa4 Bf6 29. b3 d4 30. Rfe1 Bg6 31. Bf4 Qd7 32. Qa5 Qd5 33. Qd2 Rac8 34. Qe2 Qb5 35. Qg4 Bf5 36. Qh5 Bg6 37. Qh3 Qf5 38. Qxf5 Bxf5 39. g3 Rc2 40. Rd2 Rdc8 41. Ree2 d3 42. Rxc2 Rxc2 43. Re1 Rxa2 44. Rd1 h6 45. h4 Kh7 46. h5 Bg5 47. Be5 d2 48. Kf1 Rc2 49. Ke2 Bg4+ 50. f3 Bxf3+ 51. Kf2 Bxd1 0-1

[Event "Titled Tuesday intern op 18th Jul Late"]
[Site "Chess.com INT"]
[Date "2023.07.18"]
[Round "10"]
[White "Broca Jimenez, Fernando"]
[Black "Stachanczyk, Jacek"]
[Result "0-1"]
[WhiteElo "2075"]
[BlackElo "2124"]
[PlyCount "52"]
[EventDate "2023.07.18"]
[EventType "swiss (blitz)"]
[EventRounds "11"]
[EventCountry "USA"]
[SourceTitle "EXT 2024"]
[Source "ChessBase"]
[SourceDate "2023.10.10"]
[SourceVersion "1"]
[SourceVersionDate "2023.10.10"]
[SourceQuality "1"]

1. g3 g6 2. Bg2 Bg7 3. Nc3 c5 4. b3 Nc6 5. Bb2 Nf6 6. e4 d6 7. Nf3 0-0 8. d3 Rb8 9. 0-0 b5 10. Nd5 e6 11. Nxf6+ Bxf6 12. Bxf6 Qxf6 13. Qe2 b4 14. Rfe1 e5 15. Qd2 Bg4 16. Re3 Bxf3 17. Bxf3 a5 18. c3 bxc3 19. Qxc3 Nd4 20. Bg2 Rb4 21. Rf1 a4 22. f4 axb3 23. fxe5 Qxe5 24. axb3 Nf3+ 25. Rexf3 Qxc3 26. Rf6 Rxb3 0-1

[Event "Titled Tuesday intern op 11th Jul Late"]
[Site "Chess.com INT"]
[Date "2023.07.11"]
[Round "7"]
[White "Broca Jimenez, Fernando"]
[Black "Mikhalsky, Vladimir"]
[Result "0-1"]
[WhiteElo "2075"]
[BlackElo "2219"]
[PlyCount "77"]
[EventDate "2023.07.11"]
[EventType "swiss (blitz)"]
[EventRounds "11"]
[EventCountry "USA"]
[SourceTitle "EXT 2024"]
[Source "ChessBase"]
[SourceDate "2023.10.10"]
[SourceVersion "1"]
[SourceVersionDate "2023.10.10"]
[SourceQuality "1"]

1. e4 g6 2. g3 Bg7 3. Bg2 c5 4. Nc3 Nc6 5. b3 d6 6. Bb2 e5 7. Nf3 Nge7 8. h4 h6 9. Ne2 f5 10. d3 Nd4 11. c3 Nxf3+ 12. Bxf3 f4 13. g4 d5 14. Rg1 0-0 15. Qd2 Be6 16. d4 cxd4 17. cxd4 dxe4 18. Bxe4 Bd5 19. Bxd5+ Nxd5 20. dxe5 f3 21. Nd4 Nf4 22. 0-0-0 Bxe5 23. Nxf3 Bxb2+ 24. Qxb2 Nd3+ 25. Rxd3 Qxd3 26. Ne5 Rac8+ 27. Nc4 Rxc4+ 28. bxc4 Rc8 29. Qb3 Rxc4+ 30. Kb2 Qd2+ 31. Ka3 b5 32. Rd1 Qxf2 33. Rd8+ Kg7 34. Rd7+ Kf8 35. Qxb5 Rc3+ 36. Ka4 Qxa2+ 37. Kb4 Rb3+ 38. Kc5 Rxb5+ 39. Kxb5 0-1

[Event "Titled Tuesday intern op 11th Jul Late"]
[Site "Chess.com INT"]
[Date "2023.07.11"]
[Round "1"]
[White "Dubnevych, Maksym"]
[Black "Broca Jimenez, Fernando"]
[Result "1-0"]
[WhiteElo "2251"]
[BlackElo "2075"]
[PlyCount "109"]
[EventDate "2023.07.11"]
[EventType "swiss (blitz)"]
[EventRounds "11"]
[EventCountry "USA"]
[SourceTitle "EXT 2024"]
[Source "ChessBase"]
[SourceDate "2023.10.10"]
[SourceVersion "1"]
[SourceVersionDate "2023.10.10"]
[SourceQuality "1"]

1. d4 g6 2. e4 Bg7 3. Nc3 d6 4. f4 Nd7 5. Nf3 e5 6. Bc4 exd4 7. Nxd4 Ngf6 8. 0-0 0-0 9. Bb3 Nc5 10. Re1 Bg4 11. Nf3 Re8 12. h3 Nxb3 13. axb3 Bd7 14. Qd3 Bc6 15. Bd2 Nd7 16. b4 a6 17. Be3 b5 18. Bd4 Bb7 19. Bxg7 Kxg7 20. Rad1 Nb6 21. Qd4+ Kg8 22. e5 Bxf3 23. gxf3 Qh4 24. Kg2 dxe5 25. fxe5 Qxd4 26. Rxd4 Nc4 27. f4 Rad8 28. Nd5 Kf8 29. b3 c6 30. bxc4 cxd5 31. cxd5 Rc8 32. Re2 Rc3 33. d6 Rd8 34. d7 Ke7 35. Red2 Rc7 36. Kf3 Rdxd7 37. Rd6 Ra7 38. Ke4 Rxd6 39. Rxd6 f5+ 40. Kd5 Rc7 41. Re6+ Kf7 42. Rxa6 Rxc2 43. Ra7+ Ke8 44. Kd6 Rb2 45. Ra8+ Kf7 46. Ra7+ Ke8 47. Ke6 Kd8 48. Rxh7 Rxb4 49. Rh8+ Kc7 50. Kf6 Rxf4 51. e6 Re4 52. e7 Kd7 53. Rd8+ Kc7 54. e8Q Re5 55. Qxe5+ 1-0

[Event "Titled Tuesday intern op 11th Jul Late"]
[Site "Chess.com INT"]
[Date "2023.07.11"]
[Round "6"]
[White "Melikhov, Evgeny V"]
[Black "Broca Jimenez, Fernando"]
[Result "1-0"]
[WhiteElo "2252"]
[BlackElo "2075"]
[PlyCount "83"]
[EventDate "2023.07.11"]
[EventType "swiss (blitz)"]
[EventRounds "11"]
[EventCountry "USA"]
[SourceTitle "EXT 2024"]
[Source "ChessBase"]
[SourceDate "2023.10.10"]
[SourceVersion "1"]
[SourceVersionDate "2023.10.10"]
[SourceQuality "1"]

1. d4 f5 2. e4 fxe4 3. Nc3 Nf6 4. Bg5 e6 5. Nxe4 Be7 6. Bxf6 Bxf6 7. c3 0-0 8. Nf3 b6 9. Qc2 Bb7 10. 0-0-0 g6 11. h4 d6 12. h5 g5 13. h6 Nd7 14. Bd3 Qe7 15. Rh5 Bxe4 16. Bxe4 Rad8 17. Bc6 Kh8 18. Bxd7 Rxd7 19. Qe4 e5 20. d5 Rg8 21. g4 Qf7 22. c4 Bd8 23. Rd3 Qf4+ 24. Re3 Rf7 25. Qxf4 Rxf4 26. Nd2 Rxg4 27. Ne4 Rf4 28. f3 Rg6 29. b3 Kg8 30. Nf2 Rff6 31. Ng4 Rf4 32. Rh3 Be7 33. Kc2 Bf8 34. Kd3 Kf7 35. Re4 Ke7 36. Ne3 Kf6 37. Ng4+ Kf5 38. Ne3+ Kf6 39. Rh5 Ke7 40. Ke2 Rgf6 41. Rxg5 Rxf3 42. Ng4 1-0

[Event "Titled Tuesday intern op 04th Jul Late"]
[Site "Chess.com INT"]
[Date "2023.07.04"]
[Round "2"]
[White "Broca Jimenez, Fernando"]
[Black "Han, Yichen"]
[Result "1/2-1/2"]
[WhiteElo "2075"]
[BlackElo "2413"]
[PlyCount "56"]
[EventDate "2023.07.04"]
[EventType "swiss (blitz)"]
[EventRounds "11"]
[EventCountry "USA"]
[SourceTitle "EXT 2024"]
[Source "ChessBase"]
[SourceDate "2023.10.10"]
[SourceVersion "1"]
[SourceVersionDate "2023.10.10"]
[SourceQuality "1"]

1. Nf3 Nf6 2. b3 b6 3. Bb2 Bb7 4. g3 e6 5. Bg2 Be7 6. 0-0 0-0 7. d3 c5 8. Nbd2 d5 9. e4 dxe4 10. dxe4 Nxe4 11. Nxe4 Bxe4 12. Qe2 Bb7 13. Rfd1 Qc8 14. Rd2 Nd7 15. Rad1 Nf6 16. Ne5 Bxg2 17. Kxg2 Qb7+ 18. Qf3 Qxf3+ 19. Kxf3 Nd5 20. c4 Nf6 21. Nd7 Nxd7 22. Rxd7 Bf6 23. Bxf6 gxf6 24. Rb7 Rfb8 25. Rc7 Rc8 26. Rb7 Rcb8 27. Rc7 Rc8 28. Rb7 Rcb8 1/2-1/2

[Event "Titled Tuesday intern op 04th Jul Late"]
[Site "Chess.com INT"]
[Date "2023.07.04"]
[Round "4"]
[White "Broca Jimenez, Fernando"]
[Black "Silva Lucena, Cristian"]
[Result "0-1"]
[WhiteElo "2075"]
[BlackElo "2285"]
[PlyCount "82"]
[EventDate "2023.07.04"]
[EventType "swiss (blitz)"]
[EventRounds "11"]
[EventCountry "USA"]
[SourceTitle "EXT 2024"]
[Source "ChessBase"]
[SourceDate "2023.10.10"]
[SourceVersion "1"]
[SourceVersionDate "2023.10.10"]
[SourceQuality "1"]

1. Nf3 Nf6 2. b3 g6 3. Bb2 Bg7 4. g3 0-0 5. Bg2 d6 6. 0-0 e5 7. d3 Nc6 8. Nbd2 a5 9. a4 Bg4 10. e4 Qd7 11. Re1 Rfe8 12. Nf1 Nd4 13. Ne3 Nxf3+ 14. Bxf3 Bxf3 15. Qxf3 c6 16. Kg2 h5 17. h4 Ng4 18. Nxg4 Qxg4 19. Qxg4 hxg4 20. Rad1 c5 21. f3 gxf3+ 22. Kxf3 f5 23. Bc1 Kf7 24. Bg5 Rab8 25. Ra1 Ke6 26. Rf1 d5 27. Ke3 Rec8 28. exd5+ Kxd5 29. c4+ Ke6 30. Rad1 Rc6 31. Rf3 Rb6 32. Rb1 Rc8 33. Rf2 e4 34. dxe4 Bd4+ 35. Kf3 Bxf2 36. Kxf2 fxe4 37. Ke3 Ke5 38. g4 Rf8 39. Ke2 Rf3 40. Rd1 Rd3 41. Rf1 Rbxb3 0-1

[Event "Titled Tuesday intern op 04th Jul Late"]
[Site "Chess.com INT"]
[Date "2023.07.04"]
[Round "5"]
[White "Micic, Aleksa"]
[Black "Broca Jimenez, Fernando"]
[Result "1-0"]
[WhiteElo "2235"]
[BlackElo "2075"]
[PlyCount "61"]
[EventDate "2023.07.04"]
[EventType "swiss (blitz)"]
[EventRounds "11"]
[EventCountry "USA"]
[SourceTitle "EXT 2024"]
[Source "ChessBase"]
[SourceDate "2023.10.10"]
[SourceVersion "1"]
[SourceVersionDate "2023.10.10"]
[SourceQuality "1"]

1. e4 c5 2. Nc3 g6 3. d4 Bg7 4. dxc5 Nc6 5. Bd2 Nf6 6. a3 0-0 7. Nf3 d5 8. cxd6 Qxd6 9. Bd3 Bg4 10. h3 Bxf3 11. Qxf3 Rad8 12. Bf4 Qd7 13. 0-0 Nh5 14. Bh2 Nd4 15. Qe3 Nf6 16. Rad1 Qc8 17. e5 Ne8 18. Be4 Ne6 19. Rxd8 Qxd8 20. Bxb7 Qb8 21. Bd5 Qxb2 22. Bxe6 fxe6 23. Qd3 Nc7 24. Qc4 Qxc2 25. Qxc7 h5 26. Nd5 Qa2 27. Nxe7+ Kh7 28. Qc6 Bh6 29. Qe4 Rf5 30. Nxf5 gxf5 31. Qb7+ 1-0

[Event "Titled Tuesday intern op 27th Jun Late"]
[Site "Chess.com INT"]
[Date "2023.06.27"]
[Round "11"]
[White "Broca Jimenez, Fernando"]
[Black "Guzman Moneo, Alberto"]
[Result "1/2-1/2"]
[WhiteElo "2075"]
[BlackElo "2170"]
[PlyCount "114"]
[EventDate "2023.06.27"]
[EventType "swiss (blitz)"]
[EventRounds "11"]
[EventCountry "USA"]
[SourceTitle "EXT 2024"]
[Source "ChessBase"]
[SourceDate "2023.10.10"]
[SourceVersion "1"]
[SourceVersionDate "2023.10.10"]
[SourceQuality "1"]

1. Nf3 g6 2. b3 Bg7 3. Nc3 Bxc3 4. dxc3 d5 5. Bb2 Nf6 6. e3 0-0 7. c4 c6 8. Be2 a5 9. 0-0 a4 10. cxd5 cxd5 11. c4 dxc4 12. Bxc4 Nc6 13. Ne5 Nxe5 14. Bxe5 Bf5 15. Qxd8 Rfxd8 16. Rad1 Bc2 17. Rc1 axb3 18. axb3 Bd3 19. Rfd1 Bxc4 20. Rxd8+ Rxd8 21. bxc4 Ne4 22. Bd4 f6 23. f3 Nd6 24. Bc5 Kf7 25. Rb1 Nxc4 26. Rxb7 Re8 27. Kf2 Ne5 28. Rc7 Nd3+ 29. Ke2 Nxc5 30. Rxc5 Ra8 31. Rc2 h5 32. Rd2 Ra1 33. h3 Rh1 34. Kf2 h4 35. Rd7 g5 36. Rd2 Ra1 37. e4 Ke6 38. Rc2 Ra5 39. Rb2 Ke5 40. Rc2 e6 41. Rd2 f5 42. exf5 exf5 43. Re2+ Kf4 44. Rc2 Ra4 45. Rd2 g4 46. fxg4 fxg4 47. hxg4 Kxg4 48. Re2 Rf4+ 49. Kg1 Ra4 50. Kh2 Rb4 51. Rc2 Ra4 52. Rc8 Rb4 53. Rg8+ Kh5 54. Rh8+ Kg5 55. Rg8+ Kh5 56. Rh8+ Kg5 57. Rg8+ Kh5 1/2-1/2

[Event "Titled Tuesday intern op 27th Jun Late"]
[Site "Chess.com INT"]
[Date "2023.06.27"]
[Round "1"]
[White "Broca Jimenez, Fernando"]
[Black "Mizzi, Jack"]
[Result "0-1"]
[WhiteElo "2075"]
[BlackElo "1986"]
[PlyCount "152"]
[EventDate "2023.06.27"]
[EventType "swiss (blitz)"]
[EventRounds "11"]
[EventCountry "USA"]
[SourceTitle "EXT 2024"]
[Source "ChessBase"]
[SourceDate "2023.10.10"]
[SourceVersion "1"]
[SourceVersionDate "2023.10.10"]
[SourceQuality "1"]

1. d4 Nf6 2. c4 e6 3. Nf3 d5 4. e3 c5 5. Be2 Nc6 6. 0-0 Be7 7. dxc5 Bxc5 8. cxd5 exd5 9. Nc3 0-0 10. Bd2 d4 11. exd4 Nxd4 12. Bg5 h6 13. Nxd4 Bxd4 14. Bh4 Re8 15. Bb5 Re6 16. Rc1 Rd6 17. Qb3 a6 18. Bc4 Be6 19. Bxe6 Rxe6 20. Rcd1 Qb6 21. Qxb6 Bxb6 22. Bxf6 Rxf6 23. Nd5 Re6 24. Rd2 Rd8 25. Rfd1 Kf8 26. Kf1 Red6 27. Rd3 f6 28. Nf4 Rxd3 29. Rxd3 Rxd3 30. Nxd3 Kf7 31. Ke2 Ke6 32. f3 Kd5 33. Nf4+ Ke5 34. Nd3+ Kd4 35. Nf4 g5 36. Ne6+ Ke5 37. Ng7 f5 38. g3 Bd4 39. b3 Bg1 40. h3 Bh2 41. g4 fxg4 42. hxg4 Kf6 43. Nf5 h5 44. Kd3 h4 45. Ke4 h3 46. Ne3 Bg1 47. Nf1 h2 48. Ng3 Bb6 49. Nh1 Bc7 50. Ke3 Ke5 51. Kf2 Kd4 52. Kg2 Kc3 53. Nf2 Kb2 54. Ne4 Bf4 55. Nc5 Kxa2 56. Nxb7 Kxb3 57. Nc5+ Kc4 58. Nxa6 Kb5 59. Nc7+ Bxc7 60. f4 Bxf4 61. Kh1 Kc4 62. Kg2 Kd3 63. Kh1 Ke4 64. Kg2 Ke3 65. Kh1 Bb8 66. Kg2 Kf4 67. Kh1 Kxg4 68. Kg2 h1Q+ 69. Kxh1 Kf3 70. Kg1 g4 71. Kh1 g3 72. Kg1 Bc7 73. Kh1 g2+ 74. Kg1 Bb6+ 75. Kh2 g1Q+ 76. Kh3 Qg3# 0-1

[Event "Titled Tuesday intern op 27th Jun Late"]
[Site "Chess.com INT"]
[Date "2023.06.27"]
[Round "7"]
[White "Vega Gutierrez, Sabrina Neide"]
[Black "Broca Jimenez, Fernando"]
[Result "1-0"]
[WhiteElo "2377"]
[BlackElo "2075"]
[PlyCount "61"]
[EventDate "2023.06.27"]
[EventType "swiss (blitz)"]
[EventRounds "11"]
[EventCountry "USA"]
[SourceTitle "EXT 2024"]
[Source "ChessBase"]
[SourceDate "2023.10.10"]
[SourceVersion "1"]
[SourceVersionDate "2023.10.10"]
[SourceQuality "1"]

1. e4 e5 2. Nf3 Nc6 3. Nc3 Nf6 4. g3 Bc5 5. Bg2 d6 6. d3 h6 7. h3 Be6 8. Na4 Bb6 9. a3 0-0 10. 0-0 Qd7 11. Nxb6 axb6 12. Kh2 d5 13. exd5 Bxd5 14. Re1 Rfe8 15. Bd2 Rad8 16. Bc3 Qd6 17. b4 e4 18. Nh4 exd3 19. Rxe8+ Nxe8 20. Qxd3 Bxg2 21. Qxd6 Nxd6 22. Kxg2 Re8 23. Kf1 f6 24. Rd1 Kf7 25. Nf3 Ne4 26. Bb2 Rd8 27. Rxd8 Nxd8 28. Nd4 Nc6 29. Nb5 Nd2+ 30. Ke2 Nc4 31. Bc1 1-0